000 00646nam a2200229Ia 4500
003 OSt
005 20221007071428.0
006 a|||||r|||| 00| 0
007 ta
008 221006b |||||||| |||| 00| 0 eng d
024 _a7,758
037 _cTextual
040 _aFLL
_cFLL
_beng
041 _2eng
_aeng
082 _aXM55:828:Z3, K9
100 _aPowell-Smith Vincent
_9688746
245 0 _aLaw and practice relating to company directors
260 _aLondon
_bButterworths London
_c1969
300 _axxvii,233p
_ccm.
942 _hXM55:828:Z3, K9
_cTEXL
_2CC
999 _c1143312
_d1143312